| 000 | 00629nam a2200217 a 4500 | ||
|---|---|---|---|
| 005 | 20210219153417.0 | ||
| 008 | 991125n 000 0 spa u | ||
| 035 | _aUPN01000097525 | ||
| 100 | _aPALACIOS, Carlos | ||
| 222 | _aREVISTA DE EDUCACION | ||
| 245 | _aResolución de problemas de química, mapas conceptuales y estilo cognitivo | ||
| 300 | _a293-314 | ||
| 362 | _a1992 No. 297, ene.-abr. | ||
| 653 | 0 | _aENSEÑANZA | |
| 653 | 0 | _aPSICOLOGIA EDUCATIVA | |
| 653 | 0 | _aQUIMICA | |
| 653 | 0 | _aSOLUCION DE PROBLEMAS | |
| 700 | _aLOPEZ RUPEREZ, Francisco, 1949- , coaut. | ||
| 904 |
_aAC _b035336 |
||
| 905 | _aArticulo | ||
| 999 |
_c76213 _d76213 |
||